Tracklist Album - PLK / Enna Boost - Statistiques

Statistiques générales
  • Ce quiz a été pris 522 fois
  • Le résultat moyen est 16 sur 29
Statistiques - réponses
Feat Track % Correct
Hamza Pilote
93%
OBOY Attentat
87%
Niska On sait jamais
87%
Heuss L'enfoiré Chandon et Moët
82%
Mamie
76%
Rim'K Toutes générations
74%
SDM En ville
68%
Boost
66%
Bénef
62%
SCH Incontrolables
62%
Billet d'20
61%
Pourtant
59%
3 en 1
56%
Hubert et Saïd
56%
C'est mort
54%
Dans les clips
53%
R.A.F
50%
Calme
49%
Les comptes
48%
Terrible
48%
Amérique
47%
À la base
46%
Au fond d'ma tête
46%
Alleluia
45%
Dégaine de bandit
44%
Perdu
36%
10 Millions
34%
Si ça marche plus
31%
La vie c'est marrant
28%
Aucun quiz correspondant
Distribution des résultats
% des personnes avec chaque résultat
Percentile par nombre de réponses
Votre historique - résultats
Vous n’avez pas pris ce quiz